000 00219nam a22000857a 4500
008 161209b xxu||||| |||| 00| 0 eng d
100 _91957
_aBhandari.N.S.
245 _aPhysics Together-XII
260 _aNew Delhi
_bRachna
_c2010
999 _c4752
_d4752